Science Quiz

Random Science or Chemistry Quiz

Organic Chemical Homologous Series Quiz Stats

 Plays Quiz not verified by Sporcle

Challenge
Share
Tweet
Embed
Score 0/12 Timer 05:00
0 Plays Today
Example Compound Series % Correct
Butane (H3C-CH2-CH2-CH3)Alkane
94.3%
Ethene (H2C=CH2)Alkene
81.8%
Propan-2-ol (CH3-CHOH-CH3)Alcohol
75.8%
Ethanoic acid (H3C-CO-OH)Carboxylic acid
69%
Ethyl Ethanoate (H3C-CH-O-CO-CH3)Ester
56.7%
Ethanal (H3C-COH)Aldehyde
55.5%
Propanone (H3C-CO-CH3)Ketone
55.2%
3-chlorohexane (H3C-CH2-CHCl-CH2-CH2-CH3))Haloalkane
48.4%
N-propylaminobutane (H3C-CH2-CH2-NH-CH2-CH2-CH2-CH3)Amine
43.9%
Propanenitrile (H3C-CH2-CN)Nitrile
42.1%
Propanoyl chloride (H3C-CH2-COCl)Acyl Chloride
29%
Ethanoic methanoic anhydride (H3C-CHO-O-OCH)Acid Anhydride
28.1%

You're not logged in!

Compare scores with friends on all Sporcle quizzes.
OR
Log In

You Might Also Like...

Show Comments

Extras

Top Quizzes Today


Score Distribution

Your Account Isn't Verified!

In order to create a playlist on Sporcle, you need to verify the email address you used during registration. Go to your Sporcle Settings to finish the process.

Report this User

Report this user for behavior that violates our Community Guidelines.

Details: